00935cam a2200289 a 45000010006000000050017000060080041000230350023000640400018000870160014001050200015001190200018001340350020001520550024001720820014001961000053002102450141002632460040004042600053004443000028004976500016005256500020005416500016005616500025005776500008006026500035006103911820230411085955.0000216s1998 quca 000 0 fre  a(OCoLC)ocm43790823 aNLCbfrecNLC a000061263 a298013029X a9782980130298 a(OCoLC)4379082300aHT 1581bD711b 199800a305.8/0361 aDorléans Jean-Baptiste, Weber Tiecoura,d1962-13aLe blancisme devant le tribunal de la negro divinite, ou, Pour comprendre, France est son nom /cWeber Tiecoura D'Orleans Jean Baptiste.30aPour comprendre, France est son nom a[Montreal] :bEditions Lekba/Ogu/Fweda,c[1998?] a217 p. :bill. ;c23 cm 0aBlack race. 0aRace relations. 4aRaza negra. 4aRelaciones raciales. 4aCEH 4aColección Estudios Haitianos